00537 2200145 4500001002100000005001500021035002000036007000300056008004100059100003500100245017600135260003500311300001800346600002700364INLIS00000000000060620260413115143 a0010-0426000005ta260413 u ind 0 aDr.Riswita Syamsuri S.TP .M.Si1 aIntegrated Corporattion Of Agricultural Resources Empewerment {I-CARE} Balai Penerapan Moderinisasi Pertanian Sulawesi Selatan KOMPONEN B /cDr.Riswita Syamsuri S.TP .M.Si aMakassar :bBRMP SulSel,c2025 aP.50 :b28 cm 4aLaporan akhir kegiatan